000 nam a22 a 4500
999 _c447097
_d447097
003 BLK
005 20220304100924.0
008 220304b bul|||||r ||||||| ||bul||
010 _aKNG00171640000
040 _aBLK
041 _aBUL
_cBUL
080 _aПолитически партии и движения
_b329
_x(497.215)(062)
_z329(497.215)(062)
139 _bК 81
245 1 0 _aКонгрес, Х на БРСДП - 1903
_bДоклади и съобщения от научната сесия, проведена в град Русе през м. юни 1973 г.
_h[Малотир. изд.]
257 _aBGR
260 _aРусе
_bОкр. музей
_c1974
_9216450
300 _a45 с.
_c20 см
380 _a3
650 7 _aБългария - политически партии и движения
_9149669
651 4 _aБългария
_9241624
653 _aпартии
653 _aБРСДП
653 7 _aконгреси
_9188999
852 _bК
_cК 329/К 81
856 4 _qpdf
856 4 _qpdf
942 _cKNG
_n0
_s1
944 _aCR
_c2022-03-04
_kА.М.
999 _d447097